000 00369 a2200169 4500
001 188851
020 _a978-85-01-08090-5
040 _cMagnum
100 _aCabot, Meg/ Carroll, Jenny
240 1 0 _aPrincesa mia
_lpor
245 1 0 _aPrincesa mia
300 _a300
362 0 _a2010
440 1 _aRecord
697 _aLITERATURA JUVENIL ESTRANGEIRA
942 _cBK
999 _c188851
_d188851